Ciencia en León (Record no. 18746)

MARC details
000 -LEADER
campo de control de longitud fija 00769nam a22002175i 4500
001 - NÚMERO DE CONTROL
campo de control 18746
003 - IDENTIFICADOR DE NÚMERO DE CONTROL
campo de control ES-MaACL
005 - FECHA Y HORA DE LA ÚLTIMA TRANSACCIÓN
campo de control 20230906151920.0
007 - CAMPO FIJO DE DESCRIPCIÓN FÍSICA--INFORMACIÓN GENERAL
campo de control de longitud fija t|
008 - DATOS DE LONGITUD FIJA--INFORMACIÓN GENERAL
campo de control de longitud fija 020219s1994 sp ||||0| spa j
020 ## - NÚMERO INTERNACIONAL ESTÁNDAR DEL LIBRO
Número Internacional Estándar del Libro 84-7719-402-5
040 ## - FUENTE DE CATALOGACIÓN
Centro catalogador/agencia de origen M-BN
Lengua de catalogación spa
Centro/agencia transcriptor M-BN
080 ## - NÚMERO DE LA CLASIFICACIÓN DECIMAL UNIVERSAL
Número de la Clasificación Decimal Universal 001.891(460.181)
100 1# - ENTRADA PRINCIPAL--NOMBRE DE PERSONA
Nombre de persona Chamorro Alvarez, César Angel.
9 (RLIN) 37894
245 10 - MENCIÓN DEL TÍTULO
Título Ciencia en León
Resto del título : investigaciones contemporáneas en ciencia, técnica e informática /
Mención de responsabilidad, etc. César A. Chamorro Alvarez.
260 ## - PUBLICACIÓN, DISTRIBUCIÓN, ETC.
Lugar de publicación, distribución, etc. León :
Nombre del editor, distribuidor, etc. Universidad de León, Secretariado de Publicaciones,
Fecha de publicación, distribución, etc. D.L. 1994.
300 ## - DESCRIPCIÓN FÍSICA
Extensión 348 p :
Otras características físicas il. col. y n ;
Dimensiones 24 cm.
650 #4 - PUNTO DE ACCESO ADICIONAL DE MATERIA--TÉRMINO DE MATERIA
Término de materia o nombre geográfico como elemento de entrada Investigación-
Subdivisión geográfica León (Provincia)
9 (RLIN) 13896
710 2# - ENTRADA AGREGADA--NOMBRE DE ENTIDAD CORPORATIVA
Nombre de entidad corporativa o nombre de jurisdicción como elemento de entrada Universidad de León.
9 (RLIN) 7200
852 ## - LOCALIZACIÓN
Ubicación ES-MaACL
Número de control de estantería L-25323
Sublocalización o colección R.129623
Holdings
Estatus retirado Estado de pérdida Estado de daño No para préstamo Biblioteca de origen Biblioteca actual Ubicación en estantería Fecha de adquisición Fuente de adquisición Total de préstamos Signatura topográfica completa Código de barras Visto por última vez Precio de reemplazo Tipo de ítem Koha
        Biblioteca del Ateneo de Madrid Biblioteca del Ateneo de Madrid Depósito 2 17/01/2008     L-25323 1019183 23/02/2023 23/02/2023 Libro impreso